| 000 | 00368nam a22001577a 4500 | ||
|---|---|---|---|
| 003 | SGT | ||
| 020 | _a978-8131249048 | ||
| 082 |
_a616.0707 _bR18K |
||
| 100 | _a Kumar, Vinay | ||
| 245 | _aRobbins and Kumar Basic Pathology | ||
| 250 | _aFirst South Asia | ||
| 260 |
_aNEW DELHI _bElsevier India _c2018 |
||
| 300 | _a935 | ||
| 650 | _aPathology | ||
| 942 |
_2ddc _cBK _016 |
||
| 999 |
_c15575 _d15575 |
||